<?xml version="1.0" encoding="UTF-8"?>
<record
    xmlns:xsi="http://www.w3.org/2001/XMLSchema-instance"
    xsi:schemaLocation="http://www.loc.gov/MARC21/slim http://www.loc.gov/standards/marcxml/schema/MARC21slim.xsd"
    xmlns="http://www.loc.gov/MARC21/slim">

  <leader>03927namaa22004211i 4500</leader>
  <controlfield tag="003">OSt</controlfield>
  <controlfield tag="005">20260414140317.0</controlfield>
  <controlfield tag="008">250827s2024    ua a|||frm||| 000 0 eng d</controlfield>
  <datafield tag="040" ind1=" " ind2=" ">
    <subfield code="a">EG-GICUC</subfield>
    <subfield code="b">ara</subfield>
    <subfield code="c">EG-GICUC</subfield>
    <subfield code="d">EG-GICUC</subfield>
    <subfield code="e">rda</subfield>
  </datafield>
  <datafield tag="041" ind1="0" ind2=" ">
    <subfield code="a">ara</subfield>
    <subfield code="b">ara</subfield>
    <subfield code="b">eng</subfield>
  </datafield>
  <datafield tag="049" ind1=" " ind2=" ">
    <subfield code="a">&#x625;&#x64A;&#x62F;&#x627;&#x639;</subfield>
  </datafield>
  <datafield tag="082" ind1="0" ind2="4">
    <subfield code="a">791.53</subfield>
  </datafield>
  <datafield tag="092" ind1=" " ind2=" ">
    <subfield code="a">791.53</subfield>
    <subfield code="2">21</subfield>
  </datafield>
  <datafield tag="097" ind1=" " ind2=" ">
    <subfield code="a">&#x62F;&#x643;&#x62A;&#x648;&#x631;&#x627;&#x647;&#x200E;</subfield>
  </datafield>
  <datafield tag="099" ind1=" " ind2=" ">
    <subfield code="a">Cai01.25.01.Ph.D.2024.&#x633;&#x627;.&#x635;</subfield>
  </datafield>
  <datafield tag="100" ind1="0" ind2=" ">
    <subfield code="a">&#x60C;&#x633;&#x640;&#x640;&#x640;&#x627;&#x631;&#x629; &#x62D;&#x633;&#x646; &#x645;&#x635;&#x637;&#x641;&#x649; &#x633;&#x640;&#x640;&#x644;&#x64A;&#x645;&#x627;&#x646;</subfield>
    <subfield code="e">&#x625;&#x639;&#x62F;&#x627;&#x62F;.</subfield>
  </datafield>
  <datafield tag="245" ind1="1" ind2="0">
    <subfield code="a">&#x635;&#x640;&#x64A;&#x627;&#x63A;&#x627;&#x62A; &#x62A;&#x634;&#x643;&#x64A;&#x644;&#x64A;&#x629; &#x645;&#x639;&#x627;&#x635;&#x640;&#x631;&#x629; &#x644;&#x62F;&#x645;&#x649; &#x62E;&#x64A;&#x640;&#x627;&#x644; &#x627;&#x644;&#x638;&#x644; &#x641;&#x649; &#x636;&#x640;&#x648;&#x621; &#x627;&#x644;&#x641;&#x643;&#x631; &#x627;&#x644;&#x641;&#x644;&#x633;&#x641;&#x649; &#x644;&#x625;&#x62A;&#x62C;&#x627;&#x647;&#x627;&#x62A; &#x645;&#x646; &#x627;&#x644;&#x641;&#x640;&#x640;&#x646; &#x627;&#x644;&#x62D;&#x62F;&#x64A;&#x62B; &#x643;&#x645;&#x62F;&#x62E;&#x644; &#x62A;&#x62C;&#x631;&#x64A;&#x628;&#x649; &#x644;&#x62A;&#x62F;&#x631;&#x64A;&#x633; &#x627;&#x644;&#x623;&#x634;&#x640;&#x640;&#x640;&#x63A;&#x627;&#x644; &#x627;&#x644;&#x641;&#x646;&#x64A;&#x629; /</subfield>
    <subfield code="c">&#x625;&#x639;&#x62F;&#x627;&#x62F; &#x633;&#x640;&#x640;&#x640;&#x627;&#x631;&#x629; &#x62D;&#x633;&#x646; &#x645;&#x635;&#x637;&#x641;&#x649; &#x633;&#x640;&#x640;&#x644;&#x64A;&#x645;&#x627;&#x646;&#x61B; &#x625;&#x634;&#x631;&#x627;&#x641; &#x623;.&#x62F; &#x641;&#x627;&#x637;&#x645;&#x629; &#x639;&#x628;&#x62F; &#x627;&#x644;&#x639;&#x632;&#x64A;&#x632; &#x627;&#x644;&#x645;&#x62D;&#x645;&#x648;&#x62F;&#x649;&#x60C; &#x623;.&#x645;.&#x62F; &#x623;&#x633;&#x627;&#x645;&#x629; &#x645;&#x62D;&#x645;&#x62F; &#x639;&#x644;&#x649;. </subfield>
  </datafield>
  <datafield tag="246" ind1="1" ind2="5">
    <subfield code="a">Contemporary formations of shadow puppets based on philosophical thought trends of modern art as an experimental approach to the artistic crafts teaching /</subfield>
  </datafield>
  <datafield tag="264" ind1=" " ind2="0">
    <subfield code="c">2024.</subfield>
  </datafield>
  <datafield tag="300" ind1=" " ind2=" ">
    <subfield code="a">290 &#x635;&#x641;&#x62D;&#x629; :</subfield>
    <subfield code="b">&#x625;&#x64A;&#x636;&#x627;&#x62D;&#x64A;&#x627;&#x62A; &#x61B; </subfield>
    <subfield code="c">30 &#x633;&#x645;. + </subfield>
    <subfield code="e">CD.</subfield>
  </datafield>
  <datafield tag="336" ind1=" " ind2=" ">
    <subfield code="a">text</subfield>
    <subfield code="2">rda content</subfield>
  </datafield>
  <datafield tag="337" ind1=" " ind2=" ">
    <subfield code="a">Unmediated</subfield>
    <subfield code="2">rdamedia</subfield>
  </datafield>
  <datafield tag="338" ind1=" " ind2=" ">
    <subfield code="a">volume</subfield>
    <subfield code="2">rdacarrier</subfield>
  </datafield>
  <datafield tag="502" ind1=" " ind2=" ">
    <subfield code="a">&#x623;&#x637;&#x631;&#x648;&#x62D;&#x629; (&#x62F;&#x643;&#x62A;&#x648;&#x631;&#x627;&#x647;)-&#x62C;&#x627;&#x645;&#x639;&#x629; &#x627;&#x644;&#x642;&#x627;&#x647;&#x631;&#x629;&#x60C; 2025.   </subfield>
  </datafield>
  <datafield tag="504" ind1=" " ind2=" ">
    <subfield code="a">&#x628;&#x628;&#x644;&#x64A;&#x648;&#x62C;&#x631;&#x627;&#x641;&#x64A;&#x627;: &#x635;&#x641;&#x62D;&#x627;&#x62A; 269-278.</subfield>
  </datafield>
  <datafield tag="520" ind1=" " ind2=" ">
    <subfield code="a">&#x648;&#x627;&#x634;&#x62A;&#x645;&#x644;&#x62A; &#x627;&#x644;&#x62F;&#x631;&#x627;&#x633;&#x629; &#x639;&#x644;&#x649; &#x62E;&#x645;&#x633;&#x629; &#x641;&#x635;&#x648;&#x644; &#x643;&#x645;&#x627; &#x64A;&#x644;&#x649; : -	&#x627;&#x644;&#x641;&#x635;&#x644; &#x627;&#x644;&#x623;&#x648;&#x644; : &#x627;&#x644;&#x62A;&#x639;&#x631;&#x64A;&#x641; &#x628;&#x627;&#x644;&#x628;&#x62D;&#x62B; &#x62A;&#x636;&#x645;&#x646; &#x627;&#x644;&#x641;&#x635;&#x644; &#x62E;&#x644;&#x641;&#x64A;&#x629; &#x627;&#x644;&#x628;&#x62D;&#x62B; &#x648;&#x645;&#x634;&#x643;&#x644;&#x62A;&#x629; &#x648;&#x623;&#x647;&#x62F;&#x627;&#x641;&#x647; &#x648;&#x627;&#x647;&#x645;&#x64A;&#x62A;&#x647; &#x648;&#x641;&#x631;&#x648;&#x636; &#x627;&#x644;&#x628;&#x62D;&#x62B; &#x648;&#x62D;&#x62F;&#x648;&#x62F;&#x647; &#x62B;&#x645; &#x627;&#x644;&#x645;&#x635;&#x637;&#x644;&#x62D;&#x627;&#x62A; &#x648;&#x627;&#x644;&#x645;&#x641;&#x627;&#x647;&#x64A;&#x645;  &#x64A;&#x644;&#x64A;&#x647;&#x627; &#x645;&#x646;&#x647;&#x62C; &#x627;&#x644;&#x628;&#x62D;&#x62B; &#x648;&#x625;&#x62C;&#x631;&#x627;&#x621;&#x627;&#x62A;&#x647; &#x648;&#x627;&#x644;&#x62F;&#x631;&#x627;&#x633;&#x627;&#x62A; &#x627;&#x644;&#x645;&#x631;&#x62A;&#x628;&#x637;&#x629; &#x628;&#x647;. -	&#x627;&#x644;&#x641;&#x635;&#x644; &#x627;&#x644;&#x62B;&#x627;&#x646;&#x649; : &#x62F;&#x645;&#x649; &#x62E;&#x64A;&#x640;&#x640;&#x640;&#x640;&#x640;&#x627;&#x644; &#x627;&#x644;&#x638;&#x644; &#x643;&#x645;&#x648;&#x631;&#x648;&#x62B; &#x641;&#x646;&#x649; &#x648;&#x62B;&#x642;&#x627;&#x641;&#x649; . -&#x627;&#x644;&#x641;&#x635;&#x644; &#x627;&#x644;&#x62B;&#x627;&#x644;&#x62B; : "&#x627;&#x644;&#x641;&#x643;&#x631; &#x627;&#x644;&#x641;&#x644;&#x633;&#x641;&#x649; &#x644;&#x625;&#x62A;&#x62C;&#x627;&#x647;&#x627;&#x62A; &#x645;&#x646; &#x627;&#x644;&#x641;&#x646; &#x627;&#x644;&#x62D;&#x62F;&#x64A;&#x62B; &#x643;&#x631;&#x643;&#x64A;&#x632;&#x629; &#x644;&#x627;&#x633;&#x62A;&#x644;&#x647;&#x627;&#x645; &#x62F;&#x645;&#x649; &#x645;&#x639;&#x627;&#x635;&#x631;&#x629; &#x644;&#x62E;&#x64A;&#x627;&#x644; &#x627;&#x644;&#x638;&#x644;". -&#x627;&#x644;&#x641;&#x635;&#x644; &#x627;&#x644;&#x631;&#x627;&#x628;&#x639; : "&#x645;&#x62F;&#x62E;&#x644; &#x62A;&#x62C;&#x631;&#x64A;&#x628;&#x649; &#x644;&#x644;&#x62C;&#x645;&#x639; &#x628;&#x64A;&#x646; &#x627;&#x644;&#x623;&#x635;&#x627;&#x644;&#x629; &#x648;&#x627;&#x644;&#x645;&#x639;&#x627;&#x635;&#x631;&#x629; &#x641;&#x64A; &#x62A;&#x634;&#x643;&#x64A;&#x644; &#x62F;&#x645;&#x649; &#x62E;&#x64A;&#x627;&#x644; &#x627;&#x644;&#x638;&#x644; ". -	&#x627;&#x644;&#x641;&#x635;&#x644; &#x627;&#x644;&#x62E;&#x627;&#x645;&#x633; :&#x62A;&#x637;&#x628;&#x64A;&#x642;&#x627;&#x62A; &#x627;&#x644;&#x628;&#x62D;&#x62B;. -&#x627;&#x644;&#x646;&#x62A;&#x627;&#x626;&#x62C; &#x648;&#x627;&#x644;&#x62A;&#x648;&#x635;&#x64A;&#x627;&#x62A;.</subfield>
  </datafield>
  <datafield tag="520" ind1=" " ind2=" ">
    <subfield code="a">The Study Of This Research includes Five Chapters as follows1-	Chapter One : Research Definition The chapter includes the background of the research ,its Problem,its purpose,its importance,the research hypothesis,the limits of the research, Terminology and concepts followed by pure Methodology,procedures and associated studies.2-Chapter Tow :shadow puppets that remain as an artistic and cultural heritage 3-Chapter Three :Philosophical thought of trends of modern art as a pillar of inspiration for puppets contemporary to shadow imagination. 4-Chapter Four :A pediatric entrtrance to The collection between The originality and contemporary in the formation of shadow puppets 5-Chapter Five :the research experience</subfield>
  </datafield>
  <datafield tag="530" ind1=" " ind2=" ">
    <subfield code="a">&#x635;&#x62F;&#x631; &#x623;&#x64A;&#x636;&#x64B;&#x627; &#x643;&#x642;&#x631;&#x635; &#x645;&#x62F;&#x645;&#x62C;.</subfield>
  </datafield>
  <datafield tag="546" ind1=" " ind2=" ">
    <subfield code="a">&#x627;&#x644;&#x646;&#x635; &#x628;&#x627;&#x644;&#x639;&#x631;&#x628;&#x64A;&#x629; &#x648;&#x627;&#x644;&#x645;&#x644;&#x62E;&#x635; &#x628;&#x627;&#x644;&#x644;&#x63A;&#x629; &#x627;&#x644;&#x625;&#x646;&#x62C;&#x644;&#x64A;&#x632;&#x64A;&#x629; &#x648;&#x627;&#x644;&#x639;&#x631;&#x628;&#x64A;&#x629;.</subfield>
  </datafield>
  <datafield tag="650" ind1=" " ind2="7">
    <subfield code="a"> &#x62E;&#x64A;&#x627;&#x644; &#x627;&#x644;&#x638;&#x644;</subfield>
    <subfield code="2">qrmak</subfield>
  </datafield>
  <datafield tag="653" ind1=" " ind2="0">
    <subfield code="a">&#x62F;&#x645;&#x649; &#x62E;&#x64A;&#x627;&#x644; &#x627;&#x644;&#x638;&#x644;</subfield>
    <subfield code="a">&#x627;&#x644;&#x641;&#x643;&#x631; &#x627;&#x644;&#x641;&#x644;&#x633;&#x641;&#x649; &#x644;&#x625;&#x62A;&#x62C;&#x627;&#x647;&#x627;&#x62A; &#x645;&#x646; &#x627;&#x644;&#x641;&#x646; &#x627;&#x644;&#x62D;&#x62F;&#x64A;&#x62B;</subfield>
  </datafield>
  <datafield tag="700" ind1="0" ind2=" ">
    <subfield code="a">&#x641;&#x627;&#x637;&#x645;&#x629; &#x639;&#x628;&#x62F; &#x627;&#x644;&#x639;&#x632;&#x64A;&#x632; &#x627;&#x644;&#x645;&#x62D;&#x645;&#x648;&#x62F;&#x649;</subfield>
    <subfield code="e">&#x645;&#x634;&#x631;&#x641; &#x623;&#x637;&#x631;&#x648;&#x62D;&#x629;.</subfield>
  </datafield>
  <datafield tag="700" ind1="0" ind2=" ">
    <subfield code="a">&#x623;&#x633;&#x627;&#x645;&#x629; &#x645;&#x62D;&#x645;&#x62F; &#x639;&#x644;&#x649; </subfield>
    <subfield code="e">&#x645;&#x634;&#x631;&#x641; &#x623;&#x637;&#x631;&#x648;&#x62D;&#x629;.</subfield>
  </datafield>
  <datafield tag="900" ind1=" " ind2=" ">
    <subfield code="b">30-12-2024</subfield>
    <subfield code="c">&#x641;&#x627;&#x637;&#x645;&#x629; &#x639;&#x628;&#x62F; &#x627;&#x644;&#x639;&#x632;&#x64A;&#x632; &#x627;&#x644;&#x645;&#x62D;&#x645;&#x648;&#x62F;&#x649;</subfield>
    <subfield code="c">&#x623;&#x633;&#x627;&#x645;&#x629; &#x645;&#x62D;&#x645;&#x62F; &#x639;&#x644;&#x649; </subfield>
    <subfield code="d">&#x625;&#x64A;&#x645;&#x627;&#x646; &#x643;&#x645;&#x627;&#x644; &#x639;&#x628;&#x64A;&#x62F; </subfield>
    <subfield code="d">&#x623;&#x634;&#x631;&#x641; &#x623;&#x62D;&#x645;&#x62F; &#x645;&#x62D;&#x645;&#x648;&#x62F; &#x627;&#x644;&#x639;&#x64A;&#x633;&#x648;&#x649; </subfield>
    <subfield code="U">&#x62C;&#x627;&#x645;&#x639;&#x629; &#x627;&#x644;&#x642;&#x627;&#x647;&#x631;&#x629; </subfield>
    <subfield code="F">&#x643;&#x644;&#x64A;&#x629; &#x627;&#x644;&#x62A;&#x631;&#x628;&#x64A;&#x629; &#x627;&#x644;&#x646;&#x648;&#x639;&#x64A;&#x629; </subfield>
    <subfield code="D">&#x642;&#x633;&#x645; &#x627;&#x644;&#x62A;&#x640;&#x640;&#x631;&#x628;&#x64A;&#x629; &#x627;&#x644;&#x641;&#x640;&#x640;&#x646;&#x64A;&#x629;</subfield>
  </datafield>
  <datafield tag="905" ind1=" " ind2=" ">
    <subfield code="a">Sara</subfield>
    <subfield code="e">Afaf</subfield>
  </datafield>
  <datafield tag="942" ind1=" " ind2=" ">
    <subfield code="2">ddc</subfield>
    <subfield code="c">TH</subfield>
    <subfield code="e">21</subfield>
    <subfield code="n">0</subfield>
  </datafield>
  <datafield tag="999" ind1=" " ind2=" ">
    <subfield code="c">178403</subfield>
  </datafield>
  <datafield tag="952" ind1=" " ind2=" ">
    <subfield code="2">ddc</subfield>
    <subfield code="9">314718</subfield>
    <subfield code="a">CUCL</subfield>
    <subfield code="b">cl210</subfield>
    <subfield code="d">2026-02-12</subfield>
    <subfield code="i">32966</subfield>
    <subfield code="o">Cai01.25.01.Ph.D.2024.&#x633;&#x627;.&#x635;</subfield>
    <subfield code="p">01010100032966000</subfield>
    <subfield code="r">2026-02-12 11:25:00</subfield>
    <subfield code="w">2026-02-12</subfield>
    <subfield code="y">TH</subfield>
  </datafield>
</record>
